[Event "Uni De Paula Santander op 3rd"]
[Site "Ocana"]
[Date "2017.09.30"]
[Round "4"]
[White "Rincon Sequeda, Jose Omar"]
[Black "Vidal Melendez, Ismael David"]
[Result "0-1"]
[WhiteElo "2052"]
[BlackElo "2255"]
[PlyCount "56"]
[EventDate "2017.09.29"]
[EventType "swiss"]
[EventRounds "7"]
[EventCountry "COL"]
[SourceTitle "CBM 181 Extra"]
[Source "ChessBase"]
[SourceDate "2017.12.12"]
[SourceVersion "1"]
[SourceVersionDate "2017.12.12"]
[SourceQuality "1"]

1. e4 c6 2. d4 d5 3. Nc3 dxe4 4. Nxe4 Bf5 5. Ng3 Bg6 6. f4 e6 7. Nf3 Nf6 8. Bd3 Bxd3 9. Qxd3 Be7 10. f5 exf5 11. Nxf5 g6 12. Ne3 0-0 13. 0-0 Nbd7 14. Nc4 c5 15. Bh6 Re8 16. a4 cxd4 17. Nxd4 Nc5 18. Qd1 Rc8 19. b3 Nce4 20. Be3 Bc5 21. Nf3 Bxe3+ 22. Nxe3 Qe7 23. Nc4 Rcd8 24. Qe1 Ng4 25. Qa5 b6 26. Qb5 a6 27. Qxb6 Rb8 28. Qc6 Qa7+ 0-1

[Event "Uni De Paula Santander op 2nd"]
[Site "Ocana"]
[Date "2016.09.23"]
[Round "1"]
[White "Rincon Sequeda, Jose Omar"]
[Black "Afanador Duran, Elias"]
[Result "1-0"]
[WhiteElo "2079"]
[BlackElo "1745"]
[PlyCount "65"]
[EventDate "2016.09.23"]
[EventType "swiss"]
[EventRounds "7"]
[EventCountry "COL"]
[SourceTitle "EXT 2018"]
[Source "ChessBase"]
[SourceDate "2017.10.13"]
[SourceVersion "1"]
[SourceVersionDate "2017.10.13"]
[SourceQuality "1"]

1. e4 c5 2. Nf3 d6 3. d4 cxd4 4. Nxd4 a6 5. Nc3 Nf6 6. a4 b6 7. g3 Bb7 8. Bg2 Qc7 9. 0-0 e6 10. f4 Nbd7 11. Re1 Rb8 12. g4 h6 13. Qe2 Nc5 14. Rb1 g6 15. b4 Ncd7 16. Bb2 e5 17. Nd5 Nxd5 18. exd5 Bg7 19. Nc6 Rc8 20. fxe5 dxe5 21. d6 Qxd6 22. Nxe5 0-0 23. Rbd1 Qxb4 24. Nd3 Qxa4 25. Bxg7 Kxg7 26. Bxb7 Rxc2 27. Qe4 Rc4 28. Qf3 Rxg4+ 29. Kh1 Nc5 30. Bc6 Qc4 31. Ne5 Rf4 32. Nxc4 Rxf3 33. Bxf3 1-0

[Event "Fuerza Aurinegra op 1st"]
[Site "San Cristobal"]
[Date "2015.11.11"]
[Round "1"]
[White "Cubides, Anthonny Jesus"]
[Black "Rincon Sequeda, Jose Omar"]
[Result "0-1"]
[WhiteElo "1947"]
[BlackElo "2092"]
[PlyCount "142"]
[EventDate "2015.11.11"]
[EventType "swiss"]
[EventRounds "7"]
[EventCountry "VEN"]
[SourceTitle "EXT 2018"]
[Source "ChessBase"]
[SourceDate "2017.10.13"]
[SourceVersion "1"]
[SourceVersionDate "2017.10.13"]
[SourceQuality "1"]

1. d4 Nf6 2. c4 e6 3. Nf3 b6 4. g3 Bb7 5. Bg2 Be7 6. 0-0 0-0 7. Nbd2 c5 8. b3 Qc7 9. Bb2 d6 10. Rc1 Nbd7 11. Qc2 Rac8 12. Qc3 Ne4 13. Nxe4 Bxe4 14. dxc5 Bf6 15. Qd2 dxc5 16. Rcd1 Rfd8 17. Bxf6 Nxf6 18. Qc1 Rxd1 19. Rxd1 Rd8 20. Rxd8+ Qxd8 21. Qd2 Qxd2 22. Nxd2 Bc2 23. Kf1 Kf8 24. Ke1 a5 25. Bc6 Ke7 26. f3 Kd6 27. Bb5 h5 28. Nf1 h4 29. gxh4 Nh5 30. Kd2 Bb1 31. Kc1 Bg6 32. e3 Nf6 33. Kd2 Ng8 34. e4 f5 35. Ke3 fxe4 36. fxe4 Ke5 37. Bc6 Nf6 38. Nd2 Ng4+ 39. Kf3 Bh5 40. h3 Nf6+ 41. Ke3 Bd1 42. Bb7 Nh5 43. Nf3+ Kf6 44. e5+ Ke7 45. Be4 Ng3 46. Bd3 Nf5+ 47. Kf4 a4 48. h5 axb3 49. axb3 Bxb3 50. Ng5 Nd4 51. Ne4 b5 52. cxb5 c4 53. Bb1 Nxb5 54. Ke3 Na3 55. Nc3 Kd7 56. Bg6 Kc6 57. Bf7 Nc2+ 58. Ke4 Kd7 59. Kf4 Nb4 60. Ke3 Ke7 61. Bg6 Nc6 62. Kf4 Kd7 63. Bf7 Nd8 64. Bg6 Nc6 65. Bf7 Bc2 66. h4 Ne7 67. Kg5 Bf5 68. Bg6 Kc6 69. Bxf5 exf5 70. h6 gxh6+ 71. Kf6 f4 0-1

[Event "Ocana op 1st"]
[Site "Ocana"]
[Date "2015.09.25"]
[Round "2"]
[White "Rincon Sequeda, Jose Omar"]
[Black "Acosta Cruz, Luis Ivan"]
[Result "1-0"]
[WhiteElo "2093"]
[BlackElo "1798"]
[PlyCount "57"]
[EventDate "2015.09.25"]
[EventType "swiss"]
[EventRounds "7"]
[EventCountry "COL"]
[SourceTitle "EXT 2016"]
[Source "ChessBase"]
[SourceDate "2015.10.08"]
[SourceVersion "1"]
[SourceVersionDate "2015.10.08"]
[SourceQuality "1"]

1. e4 e6 2. Qe2 Bc5 3. Nf3 Nc6 4. c3 Bb6 5. d4 d5 6. exd5 Qxd5 7. g3 Nge7 8. Bg2 Qh5 9. Na3 Bd7 10. Nc4 0-0 11. 0-0 Nd5 12. Qc2 f5 13. Nfe5 Nxe5 14. Nxe5 Rad8 15. c4 Nb4 16. Qc3 c5 17. Bxb7 Bc8 18. Bxc8 Rxc8 19. dxc5 Bxc5 20. Nd7 f4 21. Nxf8 fxg3 22. hxg3 Rxf8 23. Be3 Rf3 24. Kg2 Qf5 25. Qe1 Nc2 26. Qe2 Rxe3 27. fxe3 Qe4+ 28. Qf3 Nxe3+ 29. Kh3 1-0

[Event "VEN-ch qual 2nd Cojedes"]
[Site "San Carlos"]
[Date "2014.08.15"]
[Round "4"]
[White "Rincon Sequeda, Jose Omar"]
[Black "Ramirez Marino, Richard Daniel"]
[Result "1-0"]
[WhiteElo "2107"]
[BlackElo "2044"]
[PlyCount "39"]
[EventDate "2014.08.14"]
[EventType "swiss"]
[EventRounds "7"]
[EventCountry "VEN"]
[SourceTitle "EXT 2018"]
[Source "ChessBase"]
[SourceDate "2017.10.13"]
[SourceVersion "1"]
[SourceVersionDate "2017.10.13"]
[SourceQuality "1"]

1. d4 Nf6 2. e3 g6 3. Bd3 Bg7 4. c4 0-0 5. Nf3 d6 6. Nc3 Nbd7 7. 0-0 e5 8. Qc2 Nh5 9. b4 f5 10. dxe5 dxe5 11. e4 f4 12. Bb2 Bf6 13. Rad1 Ng7 14. Nd5 g5 15. Ne1 Ne6 16. c5 c6 17. Nxf6+ Qxf6 18. Bc4 Kh8 19. Rd6 Re8 20. Nd3 1-0

[Event "VEN-ch qual 2nd Cojedes"]
[Site "San Carlos"]
[Date "2014.08.14"]
[Round "2"]
[White "Rincon Sequeda, Jose Omar"]
[Black "Lopez Sanchez, Christian"]
[Result "1-0"]
[WhiteElo "2107"]
[BlackElo "1858"]
[PlyCount "123"]
[EventDate "2014.08.14"]
[EventType "swiss"]
[EventRounds "7"]
[EventCountry "VEN"]
[SourceTitle "EXT 2018"]
[Source "ChessBase"]
[SourceDate "2017.10.13"]
[SourceVersion "1"]
[SourceVersionDate "2017.10.13"]
[SourceQuality "1"]

1. Nf3 c5 2. c4 Nc6 3. g3 g6 4. Bg2 Bg7 5. Nc3 e6 6. 0-0 Nge7 7. d3 0-0 8. e4 d6 9. Be3 e5 10. Nd2 f5 11. f4 Be6 12. Rb1 Kh8 13. Nd5 Rb8 14. Nf3 b6 15. a3 Qd7 16. Qa4 Nxd5 17. exd5 Nd4 18. Qd1 Nxf3+ 19. Bxf3 Bg8 20. b4 Rfe8 21. Re1 Bf7 22. Kf1 Bf6 23. fxe5 Bxe5 24. d4 cxd4 25. Bxd4 Rbc8 26. c5 Qb5+ 27. Be2 Qd7 28. c6 Qe7 29. Bf3 Qf6 30. Bxe5 Rxe5 31. Rxe5 Qxe5 32. Qe2 Qxe2+ 33. Kxe2 Kg7 34. Kd3 Re8 35. Kd4 Kf6 36. Rc1 Rc8 37. c7 Be8 38. Be2 b5 39. a4 a6 40. Bd3 h6 41. axb5 axb5 42. Rc6 Ke7 43. Bxb5 Bxc6 44. dxc6 Rxc7 45. Kd5 g5 46. Ba6 f4 47. gxf4 gxf4 48. b5 Ra7 49. b6 Rxa6 50. b7 Ra5+ 51. Ke4 Ra4+ 52. Kf3 Rb4 53. c7 Rxb7 54. c8Q Rb4 55. Qg8 Kf6 56. Qd5 Ke7 57. Kg4 Rb2 58. Kf5 Re2 59. Kxf4 Rxh2 60. Kg3 Re2 61. Qb7+ Kf6 62. Qf3+ 1-0

[Event "San Cristobal Bolivar op 1st"]
[Site "San Cristobal"]
[Date "2012.09.28"]
[Round "6"]
[White "Blanco Acevedo, Cristobal Jose"]
[Black "Rincon Sequeda, Jose Omar"]
[Result "0-1"]
[WhiteElo "2375"]
[BlackElo "2024"]
[PlyCount "142"]
[EventDate "2012.09.25"]
[EventType "swiss"]
[EventRounds "10"]
[EventCountry "VEN"]
[SourceTitle "EXT 2013"]
[Source "ChessBase"]
[SourceDate "2012.11.22"]
[SourceVersion "1"]
[SourceVersionDate "2012.11.22"]
[SourceQuality "1"]

1. c4 Nf6 2. Nc3 c5 3. Nf3 g6 4. d4 cxd4 5. Nxd4 Bg7 6. e4 d6 7. Be2 0-0 8. 0-0 Nc6 9. Be3 Bd7 10. Rc1 a6 11. f3 Rc8 12. Qd2 Re8 13. Kh1 Ne5 14. b3 Qa5 15. Rc2 e6 16. Nd5 Qd8 17. Nxf6+ Bxf6 18. Rd1 Qc7 19. f4 Nc6 20. Nf3 Rcd8 21. Qxd6 Qxd6 22. Rxd6 Nb4 23. Rcd2 Bc6 24. e5 Be7 25. a3 Bxd6 26. exd6 Bxf3 27. Bxf3 Nc6 28. Bb6 Rd7 29. b4 e5 30. Bxc6 bxc6 31. fxe5 Rxe5 32. h3 Re4 33. c5 f5 34. Ba5 Rc4 35. a4 Kf7 36. Re2 Rc1+ 37. Kh2 Rc4 38. Re1 Rc3 39. Re2 Rc4 40. Kg3 h6 41. Kf2 Rf4+ 42. Kg3 Rc4 43. Kf3 Rc3+ 44. Kf2 Rc4 45. Rb2 Ke6 46. Bb6 Rb7 47. Ke3 Re4+ 48. Kd3 Kd7 49. g4 Re5 50. gxf5 Rxf5 51. Re2 Rf7 52. Kc4 Rf4+ 53. Kc3 Rf3+ 54. Kd4 Rf4+ 55. Kd3 Rf3+ 56. Kd2 Rf7 57. Kd3 Rb8 58. Kc3 Re8 59. Rxe8 Kxe8 60. b5 axb5 61. axb5 Kd7 62. Kb4 Rf4+ 63. Ka5 Rf1 64. Ka6 Rb1 65. bxc6+ Kxc6 66. Ka7 Kd7 67. Kb7 Rc1 68. h4 g5 69. hxg5 hxg5 70. c6+ Rxc6 71. Be3 g4 0-1

[Event "VEN-ch Expertos y Maestros"]
[Site "San Carlos"]
[Date "2012.06.24"]
[Round "9"]
[White "Rincon Sequeda, Jose Omar"]
[Black "Osorio Itanare, Fernando Augus"]
[Result "0-1"]
[WhiteElo "2064"]
[BlackElo "2219"]
[PlyCount "92"]
[EventDate "2012.06.19"]
[EventType "swiss"]
[EventRounds "9"]
[EventCountry "VEN"]
[SourceTitle "EXT 2015"]
[Source "ChessBase"]
[SourceDate "2014.11.20"]
[SourceVersion "1"]
[SourceVersionDate "2014.11.20"]
[SourceQuality "1"]

1. c4 e5 2. g3 Nc6 3. Bg2 g6 4. Nc3 Bg7 5. Nf3 d6 6. 0-0 Be6 7. d3 h6 8. Bd2 Qd7 9. Re1 Nge7 10. Qc1 Bh3 11. Bh1 g5 12. e4 f5 13. exf5 Nxf5 14. Be3 0-0 15. Ne4 g4 16. Nh4 Nxe3 17. fxe3 Bf6 18. Nxf6+ Rxf6 19. Bg2 Raf8 20. Qd2 Bxg2 21. Qxg2 Qf7 22. Rf1 Rxf1+ 23. Rxf1 Qxf1+ 24. Qxf1 Rxf1+ 25. Kxf1 Nb4 26. Ke2 Nxa2 27. Nf5 h5 28. d4 Nb4 29. Kd2 Kf7 30. Kc3 a5 31. c5 Kf6 32. e4 exd4+ 33. Nxd4 dxc5 34. Nb5 Ke5 35. Nxc7 Kxe4 36. Ne6 b6 37. Kc4 a4 38. Ng7 Nd3 39. Kc3 b5 40. Nxh5 b4+ 41. Kc2 c4 42. Nf6+ Kd4 43. Nxg4 b3+ 44. Kb1 a3 45. Nh6 a2+ 46. Ka1 Nb4 0-1

[Event "VEN-ch Expertos y Maestros"]
[Site "San Carlos"]
[Date "2012.06.22"]
[Round "6"]
[White "Gonzalez, Carlos1111"]
[Black "Rincon Sequeda, Jose Omar"]
[Result "0-1"]
[WhiteElo "2058"]
[BlackElo "2064"]
[PlyCount "74"]
[EventDate "2012.06.19"]
[EventType "swiss"]
[EventRounds "9"]
[EventCountry "VEN"]
[SourceTitle "EXT 2015"]
[Source "ChessBase"]
[SourceDate "2014.11.20"]
[SourceVersion "1"]
[SourceVersionDate "2014.11.20"]
[SourceQuality "1"]

1. Nf3 d5 2. g3 e6 3. Bg2 Bd6 4. 0-0 Nd7 5. b3 f5 6. Bb2 Ngf6 7. d3 0-0 8. Nbd2 e5 9. e4 fxe4 10. dxe4 d4 11. Nc4 Qe7 12. Bxd4 exd4 13. e5 Bc5 14. exf6 Qxf6 15. Qe2 Nb6 16. b4 Bxb4 17. Nxb6 Qxb6 18. Rab1 Qc5 19. Qd3 Bc3 20. Rb5 Qd6 21. Ng5 g6 22. Bd5+ Kg7 23. Ne4 Qa3 24. Rb3 Qe7 25. Nxc3 dxc3 26. Qxc3+ Qf6 27. Qxc7+ Kh8 28. Re3 Bf5 29. g4 Rac8 30. Qg3 Bxc2 31. Rfe1 g5 32. Rf3 Qg7 33. Rxf8+ Rxf8 34. Rc1 Qd4 35. Rxc2 Qd1+ 36. Kg2 Qxd5+ 37. Kh3 Rf3 0-1